00767 2200277 4500001002100000005001700021008004100038020001800079035002400097040001200121082000800133090001500141100001900156245009700175250001100272260003100283300001900314500002800333650004400361700001500405850001200420990001500432990001500447990001500462990001200477YOGYA-0209000005092320090227032600.0 ind  a979-413-269-1 0010-020900000050923 aYOPDYOG a4X0 a4X0bSuk B aSUKASWORO, Ign aBahasa Indonesia untuk SMAbbidang struktur berdasarkan GBPP 1987cIgn Sukasworo, C. Sartini aCet. 1 aYogyakartabKanisiusc1990 a... jilc21 cm aYang diterima : Jl. 1-3 aBahasa Indonesia - Studi dan pengajaran aSartini, C aYOPDYOG a32620-Pb1 a32623-Pb1 a32624-Pb1 a32624-P